000 01290cad a22002055a 4500
001 L155321
008 120320s2012 xxk 000 0 eng d
035 _a(Sirsi) u155321
041 0 _aeng
110 2 _aCushman & Wakefield
_95888
245 0 0 _aMarketbeat UK investment market monthly briefing
_bMarch 2012
_h[electronic resource]
260 _aLondon
_bCushman & Wakefield
_c2012
490 0 _aCushman & Wakefield Marketbeat UK Investment Market Monthly Briefing
_vMarch 2012
520 _aPrime yields averaged 5.75% in February and were unchanged on the month, ending a losing streak that started last August. However, yields have moved out only 7 basis points since their low point last year and are in line with their 10 year average (5.72%). Graph covers core v non-core primary yields. Tables show yield primary property by decade since 1950s; yields other investment sectors by decade since the 1950s; and current prime yields across all sectors since 2007 to date.
590 _aKA
651 4 _aUnited Kingdom
690 _aCommercial property
_96227
856 4 0 _uhttps://www.cushwake.com/cwglobal/jsp/kcGlobalReportArchive.jsp?Country=GLOBAL&Language=EN&catId=100001&sector=ALL
_zView this report after free registration (Knowledge Center) at www.cushman.com
942 _n0
999 _c83852
_d83852